| 000 | 00813nam a2200253 a 4500 | ||
|---|---|---|---|
| 001 | BRL_1820 | ||
| 005 | 20190320211401.0 | ||
| 008 | 050815s1973----mx-a######---#000-0#spa-# | ||
| 041 | _aspa | ||
| 044 | _amx | ||
| 050 | 4 |
_aF1221.T6 _b.I24 1973 |
|
| 100 | 1 |
_aIchon, Alain _927962 |
|
| 245 | 1 | 0 |
_aLa religión de los Totonacas de la sierra _cAlain Ichon ; traducción de José Arenas. |
| 260 |
_aMéxico _bInstituto Nacional Indigenista, SEP _c1973 |
||
| 300 |
_a479 p., 25 laminas _bil. _c22 cm. |
||
| 440 | 0 |
_aColección SEP-INI _vno. 16 _927963 |
|
| 500 | _aAu2062 | ||
| 504 | _aBibliografía: p. 473-479 | ||
| 650 | 1 | 4 |
_aTotonacas _xReligión y Mitología _927964 |
| 650 | 1 | 4 |
_aIndígenas de México _xReligión y Mitología _923675 |
| 700 | 1 |
_aArenas, José _etr. _927965 |
|
| 902 | _aGRL | ||
| 942 |
_2lcc _cB |
||
| 999 |
_c10628 _d10628 |
||